| Tag |
First Indicator |
Second Indicator |
Subfields |
| LEADER |
00000cam a2200000 a 4500 |
| 001 |
in00000021845 |
| 005 |
20231211144157.0 |
| 008 |
900629s1957 mx b 000 0bspa d |
| 010 |
|
|
|a a 59000141
|
| 019 |
|
|
|a 1178056
|a 221641033
|a 1032779904
|a 1059821090
|a 1066783729
|a 1160699504
|a 1192409876
|a 1198393494
|
| 029 |
1 |
|
|a AU@
|b 000010216826
|
| 029 |
1 |
|
|a AU@
|b 000028101018
|
| 029 |
1 |
|
|a NLGGC
|b 086437631
|
| 035 |
|
|
|a (OCoLC)ocm22514371
|
| 035 |
|
|
|a (OCoLC)22514371
|z (OCoLC)1178056
|z (OCoLC)221641033
|z (OCoLC)1032779904
|z (OCoLC)1059821090
|z (OCoLC)1066783729
|z (OCoLC)1160699504
|z (OCoLC)1192409876
|z (OCoLC)1198393494
|
| 035 |
|
|
|a (OCoLC)ocm22514371
|
| 040 |
|
|
|a BNG
|b eng
|c BNG
|d IUA
|d SER
|d TAI
|d OCL
|d OCLCG
|d OCLCA
|d OCLCQ
|d OCLCO
|d SYB
|d OCLCF
|d OCLCO
|d OCLCQ
|d OCL
|d COF
|d UEJ
|d UAB
|d QGE
|d OCLCQ
|d OCL
|d OCLCO
|d OCLCQ
|d CGU
|d OCLCO
|
| 041 |
1 |
|
|a spa
|h eng
|
| 043 |
|
|
|a s-ve---
|
| 050 |
|
4 |
|a PQ8549.G24
|b Z64
|
| 082 |
0 |
4 |
|a 863.6
|b G166Bd
|
| 100 |
1 |
|
|a Dunham, Lowell,
|d 1910-2001.
|
| 245 |
1 |
0 |
|a Rómulo Gallegos, vida y obra /
|c por Lowell Dunham ; traducción del inglés de Gonzalo Barrios y Ricardo Montilla.
|
| 260 |
|
|
|a México :
|b Ediciones de Andrea,
|c 1957.
|
| 300 |
|
|
|a 327 pages ;
|c 21 cm
|
| 336 |
|
|
|a text
|b txt
|2 rdacontent
|
| 337 |
|
|
|a unmediated
|b n
|2 rdamedia
|
| 338 |
|
|
|a volume
|b nc
|2 rdacarrier
|
| 490 |
1 |
|
|a Colección Studium ;
|v 15
|
| 504 |
|
|
|a Includes bibliographical references (pages 301-327).
|
| 505 |
0 |
|
|a Capítulo I. La tierra, la gente y la época -- Capítulo II. Gallegos, el escritor -- Capítulo III. Gallegos, el líder político -- Capítulo IV. Los ensayos -- Capítulo V. Los cuentos -- Capítulo VI. Las primeras novelas -- Capítulo VII. Las obras maestras -- Capítulo VIII. Las últimas novelas -- Capítulo IX. Los patrones.
|
| 583 |
1 |
|
|a committed to retain
|c 20170930
|d 20421231
|f HathiTrust
|u https://www.hathitrust.org/shared_print_program
|5 AEU
|z HathiTrust Shared Print commitment 2017
|
| 600 |
1 |
0 |
|a Gallegos, Rómulo,
|d 1884-1969.
|
| 650 |
|
0 |
|a Authors, Venezuelan
|y 20th century
|v Biography.
|
| 650 |
|
0 |
|a Presidents
|z Venezuela
|v Biography.
|
| 651 |
|
0 |
|a Venezuela
|x Politics and government
|y 1935-1958.
|
| 650 |
|
6 |
|a Écrivains vénézuéliens
|y 20e siècle
|v Biographies.
|
| 650 |
|
6 |
|a Présidents
|z Venezuela
|v Biographies.
|
| 651 |
|
6 |
|a Venezuela
|x Politique et gouvernement
|y 1935-1958.
|
| 650 |
|
7 |
|a Autores venezolanos.
|2 bidex
|
| 650 |
|
7 |
|a Presidentes
|z Venezuela
|x Biografía.
|2 bidex
|
| 651 |
|
7 |
|a Venezuela
|x Gobierno
|y 1935-1958.
|2 bidex
|
| 651 |
|
7 |
|a Venezuela
|x Política
|y 1935-1958.
|2 bidex
|
| 600 |
1 |
7 |
|a Gallegos, Rómulo,
|d 1884-1969
|2 fast
|
| 650 |
|
7 |
|a Authors, Venezuelan
|2 fast
|
| 650 |
|
7 |
|a Politics and government
|2 fast
|
| 650 |
|
7 |
|a Presidents
|2 fast
|
| 651 |
|
7 |
|a Venezuela
|2 fast
|
| 648 |
|
7 |
|a 1900-1999
|2 fast
|
| 655 |
|
7 |
|a Biographies
|2 fast
|
| 655 |
|
7 |
|a Biographies.
|2 lcgft
|
| 655 |
|
7 |
|a Biographies.
|2 rvmgf
|
| 776 |
0 |
8 |
|i Online version:
|a Dunham, Lowell, 1910-
|t Rómulo Gallegos, vida y obra.
|d México : Ediciones de Andrea, 1957
|w (OCoLC)614765981
|
| 830 |
|
0 |
|a Colección Studium ;
|v 15.
|
| 948 |
|
|
|h HELD BY TXA - 164 OTHER HOLDINGS
|
| 994 |
|
|
|a Z0
|b TXA
|
| 999 |
f |
f |
|s 6b99a593-d301-3f35-8f12-f7abd2c79219
|i ac2b3d66-f35b-3d97-8b9d-54d796dce059
|t 0
|
| 952 |
f |
f |
|p ric
|a Texas A&M University
|b Rellis Campus
|c Joint Library Facility
|d Remote Storage
|t 0
|e PQ8549.G24 Z64
|h Library of Congress classification
|i unmediated -- volume
|m A14801384072
|
| 998 |
f |
f |
|a PQ8549.G24 Z64
|t 0
|l Remote Storage
|